Madhav Sadashiv Golwalkar/ (Record no. 174984)

MARC details
000 -LEADER
fixed length control field 00561nam a22001937a 4500
005 - DATE AND TIME OF LATEST TRANSACTION
control field 20200730155229.0
010 ## - LCCN (DPL NO)
LC control number ENG-128249
020 ## - INTERNATIONAL STANDARD BOOK NUMBER
Terms of availability 995.00
International Standard Book Number 9789382544210
035 ## - SYSTEM CONTROL NUMBER
System control number EN-111781
037 ## - SOURCE OF ACQUISITION
Source of stock number/acquisition DBAD/PUB
082 ## - DEWEY DECIMAL CLASSIFICATION NUMBER
Classification number 921
245 ## - TITLE STATEMENT
Title Madhav Sadashiv Golwalkar/
Statement of responsibility, etc edited by Sanjay Kumar Singh
260 ## - PUBLICATION, DISTRIBUTION, ETC. (IMPRINT)
Place of publication, distribution, etc Delhi
Name of publisher, distributor, etc Isha Gyandeep
270 ## - ADDRESS
Address AD/77A, Shalimar Bagh
City Delhi
Postal code 110088
300 ## - PHYSICAL DESCRIPTION
Extent 212p.
Dimensions 23cm(hb)
500 ## - GENERAL NOTE
General note includes Bibliographical references
700 ## - ADDED ENTRY--PERSONAL NAME
Personal name Sanjay Kumar Singh
942 ## - ADDED ENTRY ELEMENTS (KOHA)
Source of classification or shelving scheme Dewey Decimal Classification
Item type English Books
Classification part 921
Call number suffix MAD
Holdings
Withdrawn status Lost status Not for loan Collection code Home library Current library Date acquired Source of acquisition Cost, normal purchase price Full call number Barcode Copy number Cost, replacement price Koha item type
      Non-fiction Central Library Central Library 30/07/2020 DBAD/PUB 995.00 921 MAD EN-111781 1 995.00 English Books

© Delhi Public Library
Hit Counter
free hit counter